000
00295nam a22001217a 4500
008
231205b |||||||| |||| 00| 0 eng d
100
_a
R.C. Khera
245
_a
Civil Court Rulings Vol.III
260
_a
Delhi
_b
Civil Court Ruling
_c
1995
300
_a
896
546
_a
English
942
_2
ddc
_c
BK
999
_c
20320
_d
20320